[Event "88th GER-ch Men 2017"]
[Site "Apolda"]
[Date "2017.06.27"]
[Round "5"]
[White "Huschenbeth, Niclas"]
[Black "Hirneise, Jens"]
[Result "0-1"]
[WhiteElo "2585"]
[BlackElo "2328"]
[Annotator "TA"]
[PlyCount "139"]
[EventDate "2017.??.??"]
[EventType "swiss"]
[EventCountry "GER"]
[SourceTitle "playchess.com"]
[Source "ChessBase"]
[SourceQuality "1"]

{[%evp 19,139,16,16,14,20,12,28,-7,21,21,20,27,28,17,34,27,22,25,29,30,38,38,38,38,35,38,38,41,67,90,127,93,93,19,5,0,64,39,41,47,46,35,43,31,91,43,77,9,72,20,42,0,0,0,0,-192,-186,-176,-169,-245,-216,-222,-220,-252,-256,-545,-527,-493,-484,-516,-539,-666,-660,-658,-648,-640,-610,-683,-682,-648,-648,-587,-579,-573,-553,-564,-467,-431,-417,-503,-410,-543,-542,-495,-406,-574,-492,-470,-451,-447,-456,-6591,-29959,-29954,-29962,-29965,-29964,-29952,0,0,-413,-29951,-12252,-7153,0,-7153,-30,-6993,-5081,-29988,-29989,-29989]} 1. e4 c5 2. Nf3 Nc6 3. Bb5 g6 4. Bxc6 dxc6 5. d3 Bg7 6. h3 Nf6 7. Nc3 O-O 8. O-O Ne8 9. Be3 b6 10. Qd2 e5 11. Bh6 {B31: Sicilian: 2...Nc6 3 Bb5 g6} (11. Nh2 Nc7 12. f4 exf4 13. Bxf4 Ne6 14. Bg3 c4 15. Ng4 cxd3 16. cxd3 Qe7 17. e5 Ba6 18. Ne4 Rad8 {1-0 (31) Chigaev,M (2526)-Savchenko,B (2612) Minsk 2015}) 11... f6 12. Nh2 Be6 13. a4 $146 {White has an edge.} ({Predecessor:} 13. Bxg7 Nxg7 14. f4 Nh5 15. f5 gxf5 16. exf5 Qd4+ 17. Rf2 Bxf5 18. g4 Nf4 19. gxf5 Nxh3+ {1-0 (44) Spanton,T (2164)-Wosch,A (2251) LSS email 2008}) 13... a5 14. b3 Ra7 15. Ne2 Raf7 16. Kh1 Rd7 17. Bxg7 Nxg7 18. f4 exf4 19. Nxf4 Rdf7 20. Nxe6 Nxe6 21. Ng4 {Nh6+ is the strong threat.} Kh8 22. Nh6 Rd7 23. Rf2 Qe7 24. Raf1 Qg7 25. Ng4 {[%cal Rg4f6]} Rdf7 26. Qh6 ({White should play} 26. Ne3 $16) 26... Nd4 $11 27. c3 Ne6 (27... Nxb3 $11 28. Qh4 f5) 28. Qh4 {And now Nh6 would win.} g5 $1 {[%cal Rg5h4]} 29. Qg3 Nf4 30. d4 cxd4 31. cxd4 Re7 (31... f5 $14 32. Ne5 Rf6) 32. Rxf4 gxf4 33. Qxf4 (33. Rxf4 $16 Rd7 34. Qf2) 33... Qg6 {[#]} (33... Rg8 $11) 34. e5 ({Better is} 34. Ne5 $1 $16 {[%cal Re5g6][%mdl 512]} Qh5 (34... fxe5 35. Qxf8+) 35. Nxc6) 34... f5 $1 35. Nh6 Qe6 $36 {[%mdl 2048] Black is more active.} 36. Nxf5 (36. Rf3 {seems wilder.} c5 37. Nxf5 Ref7 38. g4 cxd4 39. Qxd4 Rd7 40. Qe3) 36... c5 (36... Ref7 $5 37. g4 $8 Qxb3 $11) 37. g4 $2 (37. Rf3 $11) 37... cxd4 $19 38. Qxd4 Qxe5 39. Qxe5+ (39. Qxb6 $142 Rd7 40. Rf2) 39... Rxe5 {[%mdl 4096] Endgame KRR-KRN} 40. Kg2 b5 41. Kf3 Rc5 42. Kf4 $2 (42. Rb1 {keeps fighting.}) 42... bxa4 43. bxa4 Rc4+ 44. Kg5 Rxa4 45. Rd1 Rb4 46. Rd7 Rg8+ 47. Kh5 Rbb8 48. Nh6 Rg7 49. Nf7+ Kg8 50. Nh6+ Kf8 51. Rd4 Ke8 52. Nf5 Rd7 {aiming for ...Rxd4.} 53. Re4+ Kd8 54. g5 Kc7 55. h4 Rb4 56. Re5 Kb6 57. Kh6 (57. Ne3 $142 Rbd4 58. Re6+ Kb7 59. Nc2) 57... Rb5 58. Re6+ Kc7 59. Ne3 a4 60. h5 (60. Re4 $142 Rb6+ 61. Kh5) 60... Rb6 61. Rxb6 Kxb6 {KR-KN} 62. g6 hxg6 63. hxg6 {[#]} Kc5 $2 (63... Rd3 $1 {mates} 64. Nc4+ Kb5 65. Ne5 Rd8 66. g7 a3 67. Ng6 Rg8 68. Kh7 {[#]} Rxg7+ $1 {[%mdl 512]} 69. Kxg7 a2 70. Kf7 a1=Q 71. Ke6 Kc5 72. Ne5 Qe1 73. Kf5 Kd5 74. Ng4 Qf1+ 75. Kg5 Ke6 76. Nh2 Qh3 77. Kf4 Qxh2+ 78. Ke3 Kd5 79. Kd3 Qg3+ 80. Kd2 Kd4 81. Kc2 Kc4 82. Kc1 Qf2 83. Kb1 Kc3 84. Kc1 Qg1#) 64. g7 $11 {[#]} Rxg7 $1 {[%mdl 8704]} 65. Kxg7 {KN-KP} a3 {[%cal Ba4a3,Ba3a2][%mdl 32]} 66. Nc2 a2 67. Kf6 $2 {[%mdl 8192]} (67. Na1 $11) 67... Kc4 $19 68. Ke5 $2 {[%mdl 8192]} (68. Kg6 $11 Kc3 69. Ne3) 68... Kc3 69. Na1 Kb2 70. Kd4 {Precision: White = 37%, Black = 71%.} 0-1

[Event "88th GER-ch Men 2017"]
[Site "Apolda"]
[Date "2017.06.27"]
[Round "5"]
[White "Donchenko, Alexander"]
[Black "Svane, Rasmus"]
[Result "1/2-1/2"]
[WhiteElo "2573"]
[BlackElo "2581"]
[Annotator "TA"]
[PlyCount "100"]
[EventDate "2017.??.??"]
[EventType "swiss"]
[EventCountry "GER"]
[SourceTitle "playchess.com"]
[Source "ChessBase"]
[SourceQuality "1"]

{[%evp 9,100,20,27,29,27,13,24,22,28,33,13,0,20,17,18,0,0,0,0,-13,-13,-12,-12,-12,-9,-19,-5,-9,0,0,0,0,0,0,0,0,0,0,0,0,0,0,0,0,4,-8,-12,-17,18,14,16,-4,0,0,0,0,0,0,0,0,6,6,0,-52,-42,-53,-39,-50,-16,-16,-8,-8,-8,-8,-8,-8,-8,-8,-8,-8,-4,-4,0,-8,-8,-19,-12,-20,-8,-8,-8,-8,-9]} 1. d4 d5 2. c4 c6 3. Nf3 Nf6 4. e3 Bg4 5. h3 Bh5 6. g4 {D11: Slav Defence: 3 Nf3 sidelines and 3...Nf6 4 e3 Bg4} Bg6 7. Ne5 e6 8. Nd2 {White has an edge.} Nbd7 9. Nxg6 hxg6 10. Bg2 Bd6 11. O-O Ne4 $146 ({Predecessor:} 11... g5 12. Re1 Nf8 13. Qb3 Rb8 {1-0 (41) Topalov,V (2760)-Caruana,F (2823) Saint Louis 2016}) 12. cxd5 Nxd2 13. Bxd2 exd5 14. e4 dxe4 15. Re1 O-O 16. Bxe4 Nf6 17. Bf3 Bc7 18. Bb4 Bd6 19. Qb3 Rb8 20. Bc5 Bxc5 21. dxc5 Nd7 22. Qc3 Qf6 23. Qxf6 gxf6 24. b4 Ne5 25. Be4 Rfd8 26. Red1 Kf8 27. f4 Nc4 28. Rac1 {[#] Threatens to win with Rxd8+.} Na3 29. h4 Nb5 30. Bg2 Rxd1+ 31. Rxd1 $11 {[%mdl 4096] Endgame KRB-KRN} Nc3 32. Rd2 a5 33. a3 axb4 34. axb4 Ra8 35. Rd7 Ne2+ 36. Kf1 (36. Kf2 $11 Nxf4 37. Be4) 36... Nxf4 $15 37. Be4 Re8 38. Bf3 Re3 39. Kf2 {The position is equal.} Rb3 {[#] And now ...Nd3+ would win.} 40. Rxb7 Nd3+ 41. Ke2 Nxc5 42. Rb8+ Kg7 {White must now prevent ...Nd7.} 43. Bxc6 Na6 44. Rb7 Rb2+ 45. Kf3 Rb3+ 46. Ke2 Rxb4 47. Ra7 Nc5 48. Bd5 Rxg4 {Strongly threatening ...Kh6.} 49. Rxf7+ Kh6 {Hoping for ...Ne4.} 50. Rxf6 Rxh4 {Precision: White = 71%, Black = 68%.} 1/2-1/2

[Event "88th GER-ch Men 2017"]
[Site "Apolda"]
[Date "2017.06.27"]
[Round "5"]
[White "Kollars, Dmitrij"]
[Black "Jugelt, Tobias"]
[Result "1/2-1/2"]
[WhiteElo "2510"]
[BlackElo "2431"]
[Annotator "TA"]
[PlyCount "65"]
[EventDate "2017.??.??"]
[EventType "swiss"]
[EventCountry "GER"]
[SourceTitle "playchess.com"]
[Source "ChessBase"]
[SourceQuality "1"]

{[%evp 9,65,58,105,46,114,61,87,81,99,64,74,76,85,73,73,73,85,75,75,75,92,50,143,89,112,111,158,159,189,210,204,160,195,146,145,114,131,114,113,0,0,0,0,0,0,0,0,0,0,0,0,0,0,0,0,0,0,-22]} 1. e4 b6 2. d4 Bb7 3. Bd3 e6 4. Nf3 d6 5. O-O g6 6. Bg5 {B00: Queen's Fianchetto Defence, Nimzowitsch Defence} (6. d5 $16) 6... Qd7 (6... Be7 $14 7. Be3 Nf6) (6... Be7 7. Bxe7 Nxe7 8. Nbd2 Nd7 9. Qe2 a6 10. c3 O-O 11. Rad1 Kg7 12. Rfe1 e5 13. dxe5 dxe5 {½-½ (42) Kollars,D (2436)-Kamsky,G (2665) Gibraltar 2016}) 7. Nc3 $146 ({Better is} 7. c4 $16) ({Predecessor:} 7. c3 Bg7 8. Nbd2 Ne7 9. Re1 O-O 10. Qe2 a5 11. Qe3 Re8 12. Bh6 Bh8 13. h4 {1-0 (36) Davison,C-Stephens,I (1877) England 2013}) 7... a6 8. Re1 {White is better.} h6 9. Bh4 {[%cal Bg5h4,Bh4g3,Bg3h2][%mdl 32]} Bg7 10. e5 d5 11. b4 Nc6 12. a3 Nce7 13. Ne2 g5 14. Bg3 Nf5 15. h4 Qe7 (15... Nge7 $14) 16. h5 (16. Bxf5 $142 exf5 17. Qd3) 16... O-O-O 17. c3 Qe8 18. Bh2 g4 19. Nd2 Nge7 20. Nf4 Rg8 21. Qe2 Qa4 22. Rec1 Kb8 23. Bc2 Qc6 24. a4 ({White should play} 24. Nf1 $16) 24... g3 $1 $11 {[%cal Rg3h2] The position is equal.} 25. Bxg3 Nxg3 26. fxg3 {[#] And now Bh7 would win.} Qxc3 27. Nf3 {Threatens to win with Bh7.} Nc6 28. Bh7 Qxb4 29. Rcb1 Qc3 30. Rc1 Qb4 31. Rcb1 Qc3 32. Rc1 Qb4 33. Rcb1 {Precision: White = 49%, Black = 51%.} 1/2-1/2

[Event "88th GER-ch Men 2017"]
[Site "Apolda"]
[Date "2017.06.27"]
[Round "5"]
[White "Bischoff, Klaus"]
[Black "Meier, Georg"]
[Result "0-1"]
[WhiteElo "2504"]
[BlackElo "2644"]
[Annotator "TA"]
[PlyCount "102"]
[EventDate "2017.??.??"]
[EventType "swiss"]
[EventCountry "GER"]
[SourceTitle "playchess.com"]
[Source "ChessBase"]
[SourceQuality "1"]

{[%evp 14,102,-38,-45,19,11,36,31,17,16,19,21,13,0,0,-8,0,-8,0,0,0,-11,-11,-11,-11,-11,-12,-84,0,-20,0,0,0,0,2,-5,-4,-20,0,0,0,-13,-16,-17,-18,-145,-147,-156,-148,-165,-158,-151,-151,-166,-158,-207,-204,-207,-199,-168,-152,-174,-135,-135,-134,-135,-135,-135,-135,-135,-135,-135,-135,-135,-135,-135,-135,-135,-135,-135,-135,-135,-135,-135,-135,-245,-225,-244,-220,-327,-330]} 1. b4 e5 2. Bb2 Bxb4 3. Bxe5 Nf6 4. Nf3 O-O 5. e3 d5 6. Be2 c5 7. O-O Nc6 8. Bb2 d4 {A00: Irregular Openings} (8... Re8 $15) (8... Re8 9. d3 Qe7 10. Nbd2 d4 11. e4 Be6 12. Qc1 Rac8 13. Rd1 Nd7 14. Nf1 b5 15. a4 a6 16. axb5 axb5 {0-1 (34) Teichmann,E (2312)-Karthikeyan,M (2513) Barbera del Valles 2016}) 9. c3 $11 dxc3 10. Nxc3 Bf5 {White is slightly better.} 11. Na4 $146 ({Predecessor:} 11. Ne1 Qd7 12. d3 Rac8 13. Rc1 Rfd8 14. e4 Be6 15. f4 Qe7 16. f5 {0-1 (43) Lorenc,T (2099)-Jarrah,K (2066) Czechia 2012}) 11... b6 $1 12. a3 {Threatens to win with Bb5.} Ba5 13. d4 cxd4 14. Nxd4 Nxd4 15. Bxd4 Rc8 {...Bc2 is the strong threat.} 16. Rc1 Qd6 17. Qb3 Ne4 {Hoping for ...Nd2.} 18. Qb2 Qg6 19. Rxc8 Rxc8 20. Rd1 {[#]} (20. Rc1 $11) 20... h5 (20... Nxf2 $1 $17 {[%mdl 512]} 21. Kxf2 Be4) 21. f3 $1 h4 (21... Ng5 $5 {[%cal Rc8c2]}) 22. Ba6 ({Don't capture} 22. fxe4 $2 Bxe4 23. Bd3 (23. Bf1 $2 Rc2 $19) 23... Bxd3 $19) 22... Rc7 $40 {[%mdl 128] White must now prevent ...Ng5. Black mounts an attack.} 23. Be5 $1 {[%cal Re5c7]} Rd7 24. Rxd7 Bxd7 25. Bd3 (25. Qc2 $5 {[%cal Rf3e4]} Qf5 26. Bd4 $11 (26. Qxe4 Qxe4 27. fxe4 Bxa4 $11)) 25... Qc6 26. Bxe4 Qxa4 27. h3 Qd1+ 28. Kh2 Be1 29. Qd4 (29. Bf4 $11 {keeps the balance.}) 29... Qxd4 $17 30. Bxd4 {[%mdl 4096] Endgame KBB-KBB} Bf2 31. f4 f6 32. Bg6 Kf8 33. Be4 Ke7 34. Kh1 Kd6 35. Kh2 Bc6 36. Bg6 Bb5 37. Kh1 Kc7 38. Be4 Bf1 39. Bf3 Bd3 40. g4 hxg3 41. Kg2 Kd6 42. h4 Bc2 43. h5 Ke6 44. Bc6 Bd1 45. Bf3 {[#]} Bb3 $1 46. Bc6 Kf7 47. Bf3 Bc2 48. Bd5+ Kf8 49. h6 (49. Bf3 $17 {keeps fighting.}) 49... gxh6 $19 50. Bxf6 Bxe3 51. Be5 (51. Kxg3 $142 Bc1 52. a4) 51... Bf2 {Precision: White = 45%, Black = 69%.} 0-1

[Event "88th GER-ch Men 2017"]
[Site "Apolda"]
[Date "2017.06.27"]
[Round "5"]
[White "Meister, Jakob"]
[Black "Bussard, Christian"]
[Result "1-0"]
[WhiteElo "2433"]
[BlackElo "2251"]
[Annotator "TA"]
[PlyCount "81"]
[EventDate "2017.??.??"]
[EventType "swiss"]
[EventCountry "GER"]
[SourceTitle "playchess.com"]
[Source "ChessBase"]
[SourceQuality "1"]

{[%evp 11,81,12,8,-13,-12,-15,10,1,40,34,36,27,44,40,63,32,26,25,29,35,317,0,18,0,0,-33,39,-7,-4,0,152,147,150,154,171,150,151,145,166,160,178,183,185,170,177,170,171,157,183,118,242,239,280,286,599,557,604,600,599,596,598,589,645,661,825,817,2189,2149,2087,2020,1975,1843]} 1. e4 e5 2. Nc3 Nf6 3. g3 d5 4. exd5 Nxd5 5. Bg2 Nxc3 6. bxc3 Bc5 7. Qh5 {C26: Vienna Game: 2...Nf6, sidelines} (7. Ne2 O-O 8. O-O Nc6 9. d3 Re8 10. Be3 Qd6 11. Rb1 Bb6 12. Qd2 Be6 13. c4 Rad8 14. Qc1 Nd4 15. Nxd4 exd4 16. Bf4 Qd7 17. Qa3 {1-0 (51) Hou,Y (2667)-Hammer,J (2701) Fagernes 2016}) 7... O-O 8. Nf3 g6 9. Qh6 {And now Ng5 would win.The position is equal.} Qf6 10. O-O Nc6 11. Rb1 $146 ({Predecessor:} 11. d4 exd4 12. Bg5 Qg7 13. Qh4 Re8 14. Rfe1 Be6 {1-0 (31) Steffens,O (2251)-Schott,G (2196) Werther 2009}) 11... Re8 12. d3 Bf8 13. Qe3 (13. Qg5 {looks sharper.} Qe6 14. Qh4 f6 15. Nd2 Be7 16. Qc4) 13... Rb8 14. Ng5 {[%cal Bf3g5,Bg5e4,Be4c5,Bc5a6,Ba6b8,Bb8c6][%mdl 32]} h6 15. Ne4 Qe7 $2 {[%mdl 8192] [#]} (15... Qd8 $14) 16. Rb3 $2 ({Only move:} 16. Ba3 $1 $18 {[%cal Ra3e7][%mdl 512]} Qxa3 17. Nf6+ Kh8 18. Nxe8 Qxc3 19. Bxc6 Qxc6 20. Qxe5+ f6 21. Qxf6+ Qxf6 22. Nxf6) 16... Bg7 17. Ba3 Qd8 $1 18. Nc5 {aiming for Bxc6.} (18. Nd6 $5 cxd6 19. Bxc6 $11) 18... Na5 ({Black should play} 18... e4 $1 $15) 19. Na6 Nxb3 (19... e4 $5 20. Nxb8 Nxb3 21. axb3 exd3 22. Qxd3 Bf5 23. Qxd8 Rxd8 $11) 20. Nxb8 Bf5 $2 (20... Nd4 $11 21. cxd4 exd4) 21. Nc6 $1 $36 {[%cal Rc6d8][%mdl 2048] Keeping Black busy.} ({Much worse is} 21. cxb3 $6 Qxb8 22. Rd1 Rd8 $11) ({Don't blunder} 21. Qxa7 $2 Nd2 $19) 21... bxc6 22. axb3 Qa8 23. Bc5 a6 24. Ra1 Qb7 25. Ra4 Bd7 26. Qe4 Qb5 27. Qc4 Be6 28. Qxb5 axb5 29. Ra7 ({Worse is} 29. Bxc6 bxa4 30. Bxe8 axb3 $11) 29... Bd5 30. Rxc7 ({Better is} 30. c4 $18 Bxg2 31. Kxg2) 30... Bxg2 (30... e4 $16) 31. Kxg2 $18 {[%mdl 4096] Endgame KRB-KRB} Re6 32. c4 bxc4 $2 (32... e4 {is more resistant.} 33. dxe4 bxc4) 33. dxc4 {[%cal Bd3c4,Bc4b5,Bb5b6][%mdl 32] White is clearly winning.} e4 34. Rc8+ Kh7 35. b4 Bc3 36. b5 cxb5 37. cxb5 Ba5 38. c4 Bb6 39. Bxb6 Rxb6 40. Rc6 Rb7 41. b6 {Precision: White = 58%, Black = 29%.} 1-0

[Event "88th GER-ch Men 2017"]
[Site "Apolda"]
[Date "2017.06.27"]
[Round "5"]
[White "Keymer, Vincent"]
[Black "Nisipeanu, Liviu-Dieter"]
[Result "1/2-1/2"]
[WhiteElo "2411"]
[BlackElo "2683"]
[Annotator "TA"]
[PlyCount "82"]
[EventDate "2017.??.??"]
[EventType "swiss"]
[EventCountry "GER"]
[SourceTitle "playchess.com"]
[Source "ChessBase"]
[SourceQuality "1"]

{[%evp 19,82,0,4,-4,0,0,0,0,4,0,19,0,9,8,18,19,22,22,33,22,22,22,33,23,23,31,23,18,23,12,12,3,10,0,0,0,0,0,0,-17,0,0,8,0,0,0,0,-29,0,0,0,0,0,0,0,0,0,0,0,0,0,0,0,0,0]} 1. d4 Nf6 2. c4 e6 3. Nf3 b6 4. g3 Bb4+ 5. Nbd2 Bb7 6. Bg2 O-O 7. O-O a5 8. Qc2 {E16: Queen's Indian: 4 g3 Bb7 5 Bg2 Bb4+} Bxd2 9. Bxd2 Be4 10. Qc1 d6 {LiveBook: 5 Games} 11. Bg5 $146 ({Predecessor:} 11. Rd1 Nbd7 12. Bc3 Qe7 13. b3 a4 14. Bf1 Rfb8 15. Nd2 Bg6 {½-½ (37) Bacrot,E (2711)-Naiditsch,A (2706) Baden-Baden 2015}) 11... h6 12. Bxf6 Qxf6 13. Qe3 Bb7 14. Qd3 Rd8 15. Rfd1 Nd7 {[%cal Bb8d7,Bd7c5,Bc5e4][%mdl 32]} 16. Rac1 c5 (16... e5 $5 {[%cal Re5e4]} 17. Qc2 exd4 $11) 17. Ne1 d5 18. cxd5 exd5 19. dxc5 Nxc5 20. Qd4 Qxd4 21. Rxd4 Rac8 22. Rcd1 {[%cal Rg2d5]} Re8 23. R4d2 Ne4 24. Rc2 (24. Bxe4 $5 dxe4 25. Ng2 $11) 24... Rc5 25. Rdc1 Rec8 26. e3 Kf8 27. Rxc5 Rxc5 28. Rxc5 Nxc5 $11 {[%mdl 4096] Endgame KBN-KBN} 29. Bf1 Ke7 30. Nc2 Kd6 31. f3 Ba6 32. Bxa6 Nxa6 {KN-KN} 33. Nd4 g6 34. Kf1 {The position is equal.} Nc5 35. a3 Ne6 36. Ke2 Nxd4+ 37. exd4 Ke6 38. g4 f5 39. h4 fxg4 40. fxg4 g5 41. hxg5 hxg5 {Precision: White = 61%, Black = 66%.} 1/2-1/2

[Event "88th GER-ch Men 2017"]
[Site "Apolda"]
[Date "2017.06.27"]
[Round "5"]
[White "Telljohan, Sven"]
[Black "Neyman, Igor"]
[Result "1/2-1/2"]
[WhiteElo "2407"]
[BlackElo "2308"]
[Annotator "TA"]
[PlyCount "86"]
[EventDate "2017.??.??"]
[EventType "swiss"]
[EventCountry "GER"]
[SourceTitle "playchess.com"]
[Source "ChessBase"]
[SourceQuality "1"]

{[%evp 15,86,0,12,-6,0,-16,-14,-29,-2,-60,-31,-44,0,-12,0,0,-7,0,0,-18,0,0,0,10,25,0,0,-14,17,-44,-24,-26,-20,-38,-1,-28,-18,-9,-17,-20,-3,-12,0,-11,0,0,0,-5,-7,-7,0,0,0,0,0,0,0,0,21,20,22,22,21,14,16,18,17,17,18,7,8,5,5]} 1. Nf3 d5 2. c4 c6 3. b3 Nf6 4. g3 Bg4 5. Bg2 Nbd7 6. Bb2 e6 7. O-O Bd6 8. d3 O-O 9. Qc2 {A12: English Opening: 1...c6 with b3 by White} (9. h3 $5 {[%cal Rh3g4]} Bxf3 10. Bxf3 $11) (9. Nbd2 Qe7 10. h3 Bh5 11. a3 a5 12. Qc2 Rfc8 13. e4 dxe4 14. dxe4 e5 15. Nh4 Bc5 16. Kh1 Bg6 17. Nxg6 hxg6 18. Nf3 Rd8 19. Rfe1 Nh7 {0-1 (55) Nepomniachtchi,I (2751)-Salem,A (2633) Moscow 2017}) 9... a5 10. a3 Re8 11. Rc1 $146 ({Predecessor:} 11. Nbd2 e5 12. h3 Bh5 13. e3 Rc8 14. Nh4 Nc5 15. b4 Na6 16. c5 Bb8 {½-½ (74) Hickl,J (2552)-Gyimesi,Z (2531) Germany 2000}) 11... h6 12. Bc3 (12. e4 $11) 12... Bh5 13. Qb2 Qb8 14. b4 axb4 15. axb4 Rxa1 16. Qxa1 e5 17. c5 Bc7 18. e3 Bg6 19. Bf1 b6 (19... Bxd3 $5 20. Bxd3 e4 $11) 20. cxb6 Qxb6 21. Qa4 Bd6 22. Be1 ({White should try} 22. d4 $11) 22... c5 23. bxc5 Nxc5 24. Qd1 Nb3 (24... Bh5 $5 {[%cal Re5e4]} 25. Nbd2 Qb8 $15) 25. Rc3 Rb8 26. Nbd2 {The position is equal.} Nxd2 27. Nxd2 Qb2 28. Rc1 Qb7 29. Qc2 Qb2 30. Qc6 Qb6 31. Qa4 Qd8 32. Nb3 Qd7 33. Qxd7 Nxd7 34. Na5 $1 Nf6 35. Nc6 Rb3 36. d4 exd4 (36... e4 {is more complex.} 37. Bh3 Bh5 38. Ne5 Be2 39. Rc2 Bb5) 37. Nxd4 Rb1 38. Rxb1 Bxb1 39. f3 Nd7 40. Bb5 Ne5 41. Bc3 Kf8 42. Kg2 h5 43. h3 g6 {Precision: White = 39%, Black = 41%.} 1/2-1/2

[Event "88th GER-ch Men 2017"]
[Site "Apolda"]
[Date "2017.06.27"]
[Round "5"]
[White "Hoefelsauer, Thomas"]
[Black "Heinert, Eugen"]
[Result "1-0"]
[WhiteElo "2395"]
[BlackElo "2151"]
[Annotator "TA"]
[PlyCount "55"]
[EventDate "2017.??.??"]
[EventType "swiss"]
[EventCountry "GER"]
[SourceTitle "playchess.com"]
[Source "ChessBase"]
[SourceQuality "1"]

{[%evp 15,55,8,11,15,63,26,47,53,91,65,69,56,44,61,53,56,62,52,50,64,67,22,23,0,24,-99,-36,-45,-27,-25,-16,-18,0,0,0,0,326,295,692,687,675,668]} 1. Nf3 d5 2. c4 c6 3. e3 Nf6 4. Nc3 e6 5. d4 Nbd7 6. Qc2 Bd6 7. Bd3 dxc4 8. Bxc4 b5 9. Be2 {D46: Semi-Slav: 5 e3 Nbd7 6 Bd3, Black avoids the Meran} Bb7 (9... O-O 10. O-O a6 11. Rd1 Qc7 12. e4 e5 13. h3 Re8 14. a3 exd4 15. Nxd4 Bh2+ 16. Kh1 Be5 17. Bf3 c5 18. Nf5 Nb6 19. Bg5 Bxf5 20. exf5 {½-½ (40) Navara,D (2751)-So,W (2778) Prague 2015}) 10. O-O (10. e4 $5 {[%cal Re4e5]} e5 11. a3 $11) 10... Rc8 11. e4 $146 {[#] Hoping for e5.White is slightly better.} ({Predecessor:} 11. Rd1 b4 12. Na4 Qe7 13. e4 c5 14. e5 cxd4 15. exd6 Rxc2 16. dxe7 Rxe2 17. Nxd4 {½-½ (49) Adhiban,B (2486)-Le,Q (2624) Kolkata 2009}) 11... e5 12. Rd1 {And now dxe5 would win.} Qc7 13. Bg5 O-O 14. dxe5 Nxe5 15. Bxf6 Nxf3+ 16. Bxf3 gxf6 17. g3 b4 18. Na4 {[%cal Bc3a4,Ba4c5,Bc5d7][%mdl 32]} c5 19. Bg4 Rce8 20. Qd2 (20. Re1 $11) 20... Rxe4 $17 21. Bf3 $1 {[%cal Rf3e4]} Rd4 22. Qe3 Be5 {[#] aiming for ...Rfd8.} 23. Nxc5 $1 {[%mdl 512]} Bxf3 (23... Qxc5 24. Bxb7) 24. Rxd4 Bxd4 25. Qxd4 {Strongly threatening Nd7.} Qc6 $2 {[%mdl 8192]} (25... Qb6 $11 {and Black is okay.}) 26. Nd7 $18 ({Stronger than} 26. Qxb4 Bh1 $14) 26... Bh1 $2 (26... Rc8 27. Nxf6+ Kh8) 27. Nxf6+ Kh8 {[%csl Gh1][%cal Rc6g2]} 28. Nd5+ {Precision: White = 53%, Black = 45%.} 1-0

[Event "88th GER-ch Men 2017"]
[Site "Apolda"]
[Date "2017.06.27"]
[Round "5"]
[White "Langheinrich, Ferenc"]
[Black "Rehberg, Raphael"]
[Result "1-0"]
[WhiteElo "2364"]
[BlackElo "2264"]
[Annotator "TA"]
[PlyCount "85"]
[EventDate "2017.??.??"]
[EventType "swiss"]
[EventCountry "GER"]
[SourceTitle "playchess.com"]
[Source "ChessBase"]
[SourceQuality "1"]

{[%evp 13,85,14,12,2,18,-2,0,0,31,2,31,34,164,112,100,115,108,108,148,44,35,46,48,0,55,45,38,0,0,-20,0,-4,41,33,59,57,54,50,49,22,20,33,28,16,23,0,0,0,0,0,0,0,8,10,14,35,185,205,154,0,0,0,17,10,122,94,162,140,632,632,632,632,622,613]} 1. d4 d5 2. c4 e6 3. Nc3 c6 4. e4 dxe4 5. Nxe4 Bb4+ 6. Nc3 c5 7. a3 Ba5 8. Be3 {D31: Queen's Gambit Declined: Semi-Slav without ...Nf6 (+ Marshall Gambit and Noteboom) and Exchange Variation lines without ...Nf6} (8. Nf3 Nf6 9. Be3 Nc6 10. Qd3 Ng4 11. O-O-O cxd4 12. Nxd4 Nxe3 13. fxe3 O-O 14. Nxc6 bxc6 15. Qe4 Qe7 {1-0 (38) Wang,H (2717)-Ding,L (2766) Huaian 2016}) 8... Nf6 9. Rc1 Bxc3+ $146 ({Predecessor:} 9... cxd4 10. Qxd4 Qxd4 11. Bxd4 Nc6 12. Bxf6 gxf6 13. Nf3 Bd7 14. b4 Bc7 15. Ne4 Ke7 {½-½ (51) Lenderman,A (2598)-Gaponenko,I (2381) Doha 2014}) 10. Rxc3 {The position is equal.} Ne4 11. Qg4 Nxc3 12. Qxg7 Kd7 (12... Rf8 $14) 13. bxc3 ({Don't take} 13. Qxf7+ Qe7 $16) (13. dxc5 $18 Nc6 14. Qxc3) 13... Qf8 $16 14. Qf6 {[%mdl 1024] White has strong compensation.} Rg8 15. Nf3 ({But not} 15. dxc5 $6 Nc6 $11) 15... Qg7 16. Ne5+ (16. Qh4 $16) 16... Ke8 $14 17. Qf3 {Bh6! is the strong threat.} Nd7 18. Nd3 (18. Bf4 {with more complications.} Nxe5 19. Bxe5 Qg5 20. Bf4 Qf6 21. Qe4) 18... Qg4 (18... Rb8 $11) 19. Qxg4 Rxg4 20. h3 Rg8 21. g4 cxd4 22. cxd4 Nb6 23. Nc5 Bd7 24. f3 Bc6 25. Kf2 Nd7 26. d5 exd5 27. cxd5 Bxd5 28. Bb5 Bc6 29. Bxc6 (29. Bd3 {seems wilder.} Ne5 30. Bxh7 Rg7 31. Be4 Bxe4 32. Nxe4 Rg6 33. h4) 29... bxc6 30. Re1 Nxc5 31. Bxc5+ $11 {[%mdl 4096] Endgame KRR-KRB} Kd8 32. Re7 Rf8 33. g5 Kc8 34. h4 {[%cal Bh3h4,Bh4h5,Bh5h6][%mdl 32]} Rd8 ({Black should play} 34... Rb8 $14) 35. Rxf7 $18 Rd7 36. Rf4 $2 ({Better is} 36. Be7 $16) 36... Rb8 $11 37. Rf6 Rb2+ (37... Rb5 $5 {[%cal Rb5c5]} 38. Rxc6+ Kb7 $15) 38. Kg3 Kb7 {[#]} (38... Rb5 $11 39. Rxc6+ Kb7) 39. h5 $1 $16 Rb5 {[#]} (39... Rc2 $16 40. Bf8 c5) 40. Rf5 $1 $18 Rd5 $2 {[%mdl 8192]} (40... Ka6 $16) 41. Rxd5 {White is clearly winning.} cxd5 42. Bd4 Kc6 43. h6 {Precision: White = 59%, Black = 30%.} 1-0